Guess the 1960s song lyrics #115 - Statistics

General Stats
  • This quiz has been taken 24 times
  • The average score is 250 of 336
Answer Stats
Answer % Correct
I
100%
a
95%
Do
95%
do
95%
can
91%
love
91%
me
91%
the
91%
You
91%
you
91%
And
86%
in
86%
it
86%
know
86%
that
86%
To
86%
want
86%
baby
82%
I'm
82%
like
82%
my
82%
this
82%
twist
82%
dance
77%
Dance
77%
now
77%
Now
77%
couldn't
73%
didn't
73%
of
73%
tell
73%
Tell
73%
around
68%
let
68%
mash
68%
out
68%
potato
68%
you're
68%
heart
64%
oh
64%
really
64%
back
59%
broke
59%
don't
59%
down
59%
even
59%
up
59%
Watch
59%
hey
55%
Hey
55%
Well
55%
Work
55%
work
55%
Ah
50%
Cause
50%
shake
50%
With
50%
get
45%
em
36%
groove
36%
move
36%
bit
32%
crazy
32%
drivin
32%
little
27%
soul
27%
driving
23%
Contours
14%
working
14%
hard
9%
lazy
9%
No matching quizzes found
Score Distribution
Percent of People with Each Score
Percentile by Number Answered
Your Score History
You have not taken this quiz